Perfect Cubes - Statistics

General Stats
  • This quiz has been taken 2,796 times
  • The average score is 8 of 10
Answer Stats
Integer Cube % Correct
1 1
100%
2 8
97%
3 27
95%
5 125
91%
4 64
91%
6 216
77%
10 1000
71%
7 343
65%
9 729
58%
8 512
57%
No matching quizzes found
Score Distribution
Percent of People with Each Score
Percentile by Number Answered
Your Score History
You have not taken this quiz